| 000 | 00473nam a2200157Ia 4500 | ||
|---|---|---|---|
| 999 |
_c20646 _d20646 |
||
| 003 | OSt | ||
| 005 | 20200616094501.0 | ||
| 008 | 190216s9999||||xx |||||||||||||| ||und|| | ||
| 040 | _coclc | ||
| 082 |
_a304.2 _bNEG/H |
||
| 100 |
_aNegi, Balbir Singh _92935 |
||
| 245 | 0 |
_aHuman Geography An Ecological Approach / _c Balbir Singh Negi |
|
| 260 |
_bKedernath Ramnath, _c2000. _aMeerut: |
||
| 300 | _a500p | ||
| 942 |
_cBK _2ddc _h304.2 _iNEG/H _k304.2 _mNEG/H |
||